Μελέτη του φαινομένου της παλίροιας στους ωκεανούς : πτυχιακή εργασία

Στην παρούσα πτυχιακή εργασία μελετήθηκε το φαινόμενο της παλίρροιας στους ωκεανούς. Ως παλίρροια ορίζεται η εναλλασσόμενη ανύψωση και πτώση της θαλάσσιας επιφανειακής στάθμης σε σχέση με τη ξηρά, που οφείλεται στη βαρυτική έλξη που ασκούν στη Γη ο Ήλιος κι η Σελήνη. Αναλυτικότερα, στο πρώτο κεφάλαι...

Πλήρης περιγραφή

Αποθηκεύτηκε σε:
Λεπτομέρειες βιβλιογραφικής εγγραφής
Κύριος συγγραφέας: Αργυρέα, Βασιλική
Συγγραφή απο Οργανισμό/Αρχή: Πανεπιστήμιο Αιγαίου. Σχολή Θετικών Επιστημών. Τμήμα Μαθηματικών
Μορφή: Thesis Βιβλίο
Γλώσσα:Greek
Δημοσίευση: 2016.
Θέματα:
Διαθέσιμο Online:http://hdl.handle.net/11610/17756
Ετικέτες: Προσθήκη ετικέτας
Δεν υπάρχουν, Καταχωρήστε ετικέτα πρώτοι!

MARC

LEADER 00000cam a2200000 a 4500
001 1/112574
008 161219s2016####gr | ||| |||| ||gre||
040 |a GR-MyUa  |b gre  |c GR-MyUa  |e AACR2 
041 0 |a gre 
082 7 |a 551.464   |2 (23)  
100 1 |a Αργυρέα, Βασιλική. 
245 1 0 |a Μελέτη του φαινομένου της παλίροιας στους ωκεανούς :   |b πτυχιακή εργασία /   |c Βασιλική Αργυρέα ; επιβλέπων καθηγητής Αγαπητός Ν. Χατζηνικήτας.  
260 |c 2016.  
300 |a 47 σ. :   |b σχέδια, πιν. ;   |c 30 εκ.  
500 |a Μέλη της εξεταστικής επιτροπής: Αγαπητός Ν. Χατζηνικήτας, Χρήστος Νικολόπουλος, Κωνσταντίνος Χουσιάδας.  
502 |a Πτυχιακή εργασία - Πανεπιστήμιο Αιγαίου, Σάμος, 2016.  
504 |a Βιβλιογραφία: σ. 47.  
506 0 |a Διάθεση πλήρους κειμένου - Ελεύθερη πρόσβαση. 
520 8 |a Στην παρούσα πτυχιακή εργασία μελετήθηκε το φαινόμενο της παλίρροιας στους ωκεανούς. Ως παλίρροια ορίζεται η εναλλασσόμενη ανύψωση και πτώση της θαλάσσιας επιφανειακής στάθμης σε σχέση με τη ξηρά, που οφείλεται στη βαρυτική έλξη που ασκούν στη Γη ο Ήλιος κι η Σελήνη. Αναλυτικότερα, στο πρώτο κεφάλαιο μελετήθηκε η εξίσωση της κίνησης για σημειακή μάζα ως προς μη αδρανειακό σύστημα αναφοράς. Η εξίσωση αυτή ξαναχρησιμοποιήθηκε στο δεύτερο και τρίτο κεφάλαιο. Το δεύτερο κεφάλαιο χωρίζεται σε τρεις ενότητες. Η πρώτη περιέχει τον προσδιορισμό της δύναμης που δημιουργεί την παλίρροια καθώς και την ποσοτική ανάλυση των ελκτικών δυνάμεων για το σύστημα Γη-Ήλιος και Γη-Σελήνης. Στη δεύτερη ενότητα έγινε ανάλυση του δυναμικού της παλίρροιας. Από αυτή προέκυψε ότι το δυναμικό παράγει τρεις τύπους παλιρροιών: τις μακράς περιόδου, τις ημι-ημερήσιες και τις ημερήσιες. Στην τρίτη ενότητα έγινε αρμονική ανάλυση του δυναμικού της παλίρροιας, όπου μελετήθηκαν οι διαταρασσόμενες συχνότητες που προκαλούνται από τις αστρονομικές παραμέτρους που εξαρτάται το δυναμικό. Τέλος, το τρίτο κεφάλαιο περιλαμβάνει την απόδειξη του θεωρήματος του Clairaut, ο οποίος κατέληξε στο συμπέρασμα ότι το σχήμα της Γης είναι σφαιροειδές. Αυτό το αποτέλεσμα είναι πολύ χρήσιμο στην μελέτη του φαινομένου της παλίρροιας.  
650 0 |a Tides. 
650 0 |a Harmonic analysis. 
650 0 |a Dissertations, Academic  |z Greece. 
700 1 |a Χατζηνικήτας, Αγαπητός,  |e dgs 
710 2 |a Πανεπιστήμιο Αιγαίου.   |b Σχολή Θετικών Επιστημών.   |b Τμήμα Μαθηματικών. 
852 |a INST  |b SAMOS  |c DIATR  |e 20161219  |h 551.464 ΑΡΓ  |p 005300044066  |q 005300044066  |t DIE  |y 23 
856 |u http://hdl.handle.net/11610/17756 
924 |a Αργυρέα  |b Βασιλική  |y Σάμος  |z 2016-10 
970 |a Κοσιέρης  |b Χρήστος  |z 19-12-2016